| 000 | 00537nam a2200217Ia 4500 | ||
|---|---|---|---|
| 008 | 210210b2015 xxu||||| |||| 00| 0 eng d | ||
| 020 | _a9788121923132 | ||
| 041 | _aeng | ||
| 082 | _a510.2465 HAZT | ||
| 100 | _aHAZARIKA (Padmalochan) | ||
| 245 | _aTextbook of business mathematics Rev Ed 3 | ||
| 250 | _a | ||
| 260 |
_aNew Delhi _bS. Chand & Co. Ltd. _c2015 |
||
| 300 | _axiv,644 | ||
| 650 | _aTextbook | ||
| 650 | _aof | ||
| 650 | _amathematics | ||
| 650 | _abusiness | ||
| 690 | _aBusiness Mathematics | ||
| 906 | _a070237 | ||
| 999 |
_c119716 _d119716 |
||